000 00402nam a2200157Ia 4500
008 221030s9999 xx 000 0 und d
020 _a0074636391
041 _aEnglish
082 _a105.23
_bHal
100 _aD. V. Hall
245 0 _aMicroprocessors & Interfacing : Programming & Hardware
_cby D. V. Hall
260 _bTMH
_aNew Delhi
_c2000
300 _a624
650 _aBE Computer
942 _cBK
999 _c1140
_d1140